Structure and Function in Primitive Society: Essays and Addresses (Record no. 20568)

MARC details
000 -LEADER
fixed length control field 00344nam a22001337a 4500
020 ## - INTERNATIONAL STANDARD BOOK NUMBER
ISBN 978-1-330-06315-6
082 ## - DEWEY DECIMAL CLASSIFICATION NUMBER
Classification number 301 RAD
100 ## - MAIN ENTRY--AUTHOR NAME
Author name Radcliffe-Brown, A. R.
245 ## - TITLE STATEMENT
Title Structure and Function in Primitive Society: Essays and Addresses
260 ## - PUBLICATION, DISTRIBUTION, ETC. (IMPRINT)
Place of publication Illinois
Name of publisher The Free Press
300 ## - PHYSICAL DESCRIPTION
Number of Pages 219
650 ## - SUBJECT ADDED ENTRY--TOPICAL TERM
Topical Term Anthropology
942 ## - ADDED ENTRY ELEMENTS (KOHA)
Koha item type Books
Holdings
Home library Current library Shelving location Date acquired Source of acquisition Cost, normal purchase price Full call number Accession Number Koha item type
Henry Martyn Institute Library Henry Martyn Institute Library General stacks 07/31/2017 Amazon 959.00 301 RAD 25311 Books
                   Copyright © 2026 | Henry Martyn Institute | Hyderabad | TS-500052 | INDIA | Implemented by hmi.edu.in
Hit-Count:

Powered by Koha